000
00203nam a22000857a 4500
008
161227b xxu||||| |||| 00| 0 eng d
100
_9
2183
_a
Srivastav.N
245
_a
Art-7
260
_a
New Delhi
_b
Ranchna
_c
2010
999
_c
5072
_d
5072